000 01921cam a22005294i 4500
003 PE-LiUPU
005 20250731165500.0
008 150623s r 000 0 d
020 _a1850756236
035 _a(Sirsi) i9781850756231
040 _aPE-LiUPU
_bspa
_cPE-LiUPU
_erda
049 _aPRUA
082 0 4 _a225.077
_bJ
_221
100 1 _aKreitzer, Larry J.,
_eautor.
245 1 0 _aStriking New Images :
_bRoman Imperial coinage and the New Testament world /
_cLarry J. Kreitzer.
264 1 _aSheffield, Great Britain :
_bSheffield Academic Press,
_c1996.
300 _a254 páginas :
_bilustraciones, gráficos ;
_c24 centímetros
336 _atext
_2rdacontent
337 _aunmediated
_2rdamedia
338 _avolume
_2rdacarrier
490 0 _aJournal for the Study of the N.T. Supplement Series ;
_v134
504 _aIncluye bibliografía.
505 0 _aPropaganda in the Julio-Claudian age. -The world of paul the apostle. -The travels of Hadrian.
526 _aSEG44
526 _aSEG26
526 _aP151
526 _aP150
526 _aP149
526 _aP146
526 _aP145
526 _aP126
526 _aP125
526 _aP92
526 _aP75
526 _aP74
526 _aP27
526 _aP15
650 0 4 _aMonedas en la Biblia.
650 0 4 _aMonedas romanas.
650 0 4 _aMonedas
_xCristianismo.
942 _2ddc
_cBOOK
949 _aRC 225.077 J 134
_wDEWEY
_c1
_i45637
_lCCODEBUL1
_mBUL
_r0
_sY
_tBOOK
_u2015-6-24
_xTEOLOGIA
_PP35
_0COMPRA
_o.CIRCNOTE. No olvidar cambiar la fecha de devolución!!!!!!!
_o.STAFF. Colección General
994 _aC0
_bPEPRU
596 _a1
999 _aRC 225.077 J 134
_wDEWEY
_c22509
_i45637
_f2021-11-8
_g6
_lCCODEBUL1
_mBUL
_r1
_sY
_tBOOK
_u2015-6-24
_xTEOLOGIA
_PP35
_0COMPRA
_o.CIRCNOTE. No olvidar cambiar la fecha de devolución!!!!!!!
_o.STAFF. Colección General
_d22509
980 _81
_gALBERTO SANCHEZ Responsable de Automatización